Expert systems and fuzzy systems

Kaydedildi:
Detaylı Bibliyografya
Yazar: Negoita, Constantin Virgil (Yazar)
Materyal Türü: Kitap
Dil:İngilizce
Baskı/Yayın Bilgisi: Menlo Park The Benjamin-Cummings 1985
Konular:
Etiketler: Etiketle
Etiket eklenmemiş, İlk siz ekleyin!

MARC

LEADER 00000nam a2200000 a 4500
001 UCQ9312
003 CL-VaPUC
008 981230e19850000US |||||||||||||||||eng|d
082 0 4 |a 006.33  |b NEG  |2 21 
100 0 |a Negoita, Constantin Virgil  |e author  |9 423846 
245 1 0 |a Expert systems and fuzzy systems 
300 |a 190 p 
942 |c BK 
945 |d 19981230 00:00:00  |a cmena 
260 |a Menlo Park  |b The Benjamin-Cummings  |c 1985 
650 0 |a Sistemas expertos   |9 263121 
650 7 |a INTELIGENCIA ARTIFICIAL  |2 CL-VaPUC  |9 423847 
650 7 |a SISTEMAS FUZZY  |2 CL-VaPUC  |9 423848 
583 |a last modification  |c 19981230 00:00:00  |k Rodrigo Vera 
999 |c 278382  |d 278380 
952 |0 0  |1 0  |4 0  |6 006_330000000000000_NEG_1985  |7 0  |8 A  |9 316883  |a BIBMAT  |b BIBMAT  |d 2019-11-20  |i 1311638  |o 006.33 NEG 1985  |p 1311638  |r 2025-01-07  |w 2019-11-20  |y BK  |k MAT